Statistiques concernant Grades de la Gendarmerie départementale

Cliquez ici pour prendre le quiz!

Statistiques générales

  • Ce quiz a été pris 202 fois
  • Le résultat moyen est 17 sur 24

Statistiques - réponses

Réponse% Correct
Lieutenant
92%
Colonel
87%
Adjudant
85%
Adjudant-chef
83%
Brigadier
82%
Major
81%
Capitaine
80%
Gendarme sous contrat
78%
Gendarme de carrière
77%
Maréchal des logis
74%
Chef d'escadron
73%
Lieutenant-colonel
73%
Aspirant
70%
Brigadier-chef
70%
Maréchal des logis-chef
67%
Sous-lieutenant
67%
Général d'armée
65%
Général de brigade
61%
Général de division
61%
Élève-officier
54%
Général de corps d'armée
54%
Élève-gendarme
53%
Gendarme Adjoint de 1e classe
45%
Gendarme Adjoint de 2e classe
40%

Distribution des résultats

Percentile par nombre de réponses

% des personnes avec chaque résultat

Votre développement - résultats

Vous n’avez pas pris ce quiz